Hans Christian Andersen (Record no. 3827)

MARC details
000 -CABECERA
campo de control de longitud fija 00669nam a2200217 a 4500
001 - NÚMERO DE CONTROL
campo de control BRCA_4109
005 - FECHA Y HORA DE LA ÚLTIMA TRANSACCIÓN
campo de control 20190320204541.0
008 - DATOS DE LONGITUD FIJA--INFORMACIÓN GENERAL
campo de control de longitud fija 240310s2005----dk-a######---#000-0#dan-#
020 ## - NÚMERO INTERNACIONAL ESTÁNDAR DEL LIBRO
Número Internacional Estándar del Libro 8787162210
041 ## - CÓDIGO DE LENGUA
Código de lengua del texto/banda sonora o título independiente daneng
044 ## - CÓDIGO DEL PAÍS DE LA ENTIDAD EDITORA/PRODUCTORA
Código MARC del país dk
050 #4 - SIGNATURA TOPOGRÁFICA DE LA BIBLIOTECA DEL CONGRESO
Número de clasificación PT8119
Número de documento/Ítem .S75 2005
100 1# - ENTRADA PRINCIPAL--NOMBRE DE PERSONA
Nombre de persona Stig Askgaard, Ejnar
9 (RLIN) 10634
245 10 - MENCIÓN DE TÍTULO
Título Hans Christian Andersen
Mención de responsabilidad, etc. by Ejnar Stig Askgaard.
260 ## - PUBLICACIÓN, DISTRIBUCIÓN, ETC.
Lugar de publicación, distribución, etc. Odense, Dinamarca
Nombre del editor, distribuidor, etc. Odense City Museums
Fecha de publicación, distribución, etc. 2005
300 ## - DESCRIPCIÓN FÍSICA
Extensión 74 p.
Otras características físicas il. a color
Dimensiones 27 cm.
546 ## - NOTA DE LENGUA/LENGUAJE
Nota de lengua/lenguaje Texto en danés e inglés
600 14 - PUNTO DE ACCESO ADICIONAL DE MATERIA--NOMBRE DE PERSONA
Nombre de persona Andersen, H. C.
Fechas asociadas al nombre 1805-1875
Forma completa/desarrollada del nombre (Hans Christian)
9 (RLIN) 10635
650 14 - PUNTO DE ACCESO ADICIONAL DE MATERIA--TÉRMINO DE MATERIA
Término de materia o nombre geográfico como elemento de entrada Autores daneses
Subdivisión de forma Biografías
Subdivisión cronológica Siglo XIX
9 (RLIN) 10636
942 ## - ELEMENTOS DE PUNTO DE ACCESO ADICIONAL (KOHA)
Fuente del sistema de clasificación o colocación Library of Congress Classification
Tipo de ítem Koha Libros
Holdings
Estado de retiro Estado de pérdida Estado dañado No para préstamo Localización permanente Ubicación/localización actual Fecha de adquisición Total de préstamos Signatura topográfica completa Código de barras Fecha visto por última vez Precio válido a partir de Tipo de ítem Koha
El ejemplar forma parte de la colección y puede ser consultado según las políticas vigentes.       Biblioteca del Museo Franz Mayer (Rogerio Casas-Alatriste) Biblioteca del Museo Franz Mayer (Rogerio Casas-Alatriste) 22/03/2010   PT8119 .S75 2005 01067 22/03/2019 22/03/2019 Libros